000 00406nam a2200157 a 4500
005 20140412111349.0
008 050421s19uu xx 00 eng d
050 _aER
_bOv2 19?
245 _aOver and under.
260 _a[s.l.] :
_bUniversal Studios.
300 _a1 v. (unp.) ; ill.
440 _aThe Land before time
650 _aDinosaurs
_xFiction
650 _aChildren stories
999 _c105265
_d105265